Statistics for Every champion of Czech/Czechoslovakian 1st League

Click here to take the quiz!

General Stats

  • This quiz has been taken 10 times
  • The average score is 6 of 11

Answer Stats

HintAnswer% Correct
21Slavia
100%
37Sparta
100%
4Banik Ostrava
88%
6Viktoria Plzen
75%
3Slovan Liberec
63%
11Dukla
50%
1Hradec Kralove
38%
1Zbrojovka Brno
38%
1Bohemians 1905
13%
1Viktoria Zizkov
13%
1Vitkovice
13%

Score Distribution

Percentile by Number Answered

Percent of People with Each Score

Your Score History

You have not taken this quiz